=LDR 00000nam 2200000 4500 =001 001039 =005 20250712032948 =035 ##$$a 0010-0725000918 =007 ta =008 250712################a##########0#ind## =020 ##$$a 978-623-472-367-0 =082 ##$$a 398.209 598 =084 ##$$a 398.209 598 SEL b =100 #$$a Selepe, Mamoloko =245 1#$$a Billy sang Penyelamat /$c Mamoloko Selepe =250 ##$$a cetakan pertama =260 ##$$a jakarta :$b badan pengembangan dan pembinaan bahasa,$c 2022 =300 ##$$a 20 hlm. : $b ilus. ; $c 22,9 cm$e 398.209 598 =650 #4$$a literasi bahan bacaan =856 ##$$a TBM AS SUHADA =990 ##$$a TBM202400767